| 000 | 00475nam a2200181Ia 4500 | ||
|---|---|---|---|
| 005 | 20250326143947.0 | ||
| 008 | 250326s9999 xx 000 0 und d | ||
| 037 | _aTextbook | ||
| 040 |
_aFMSL _beng _cFMSL |
||
| 041 |
_aeng _2eng |
||
| 084 |
_aS K9 _qFMSL |
||
| 100 | _aHays W L | ||
| 245 | 0 |
_aQuantification in psychology _cHays W L |
|
| 260 |
_aNew Delhi _bNew Delhi, Prentice-Hall _c1969 |
||
| 300 | _a87p | ||
| 942 |
_cTB _hS K9 |
||
| 999 |
_c1301782 _d1301782 |
||